Manual imprescindible de office 2013 (Registro nro. 3897)

Detalles MARC
000 -Cabecera
Campo de control de longitud fija 00734nam a22002657a 4500
005 - Fecha y hora de la última transacción
Campo de control 20250624171144.0
008 - Elementos de longitud fija--Información general
Campo de control de longitud fija 150312b2013 xxu||||| |||| 00| 0 spa d
041 ## - Idioma
Código de idioma Español
082 ## - Clasificación Decimal Dewey
Número de clasificación 005.5 S425ma
100 ## - Entrada principal--Autor personal
Nombre personal Scott Peña, Patricia
245 ## - Título propiamente dicho
Título Manual imprescindible de office 2013
260 ## - Pie de imprenta
Lugar de publicación, distribución, etc. España
Nombre del editor, distribuidor, etc. ANAYA
Fecha de publicación, distribución, etc. 2013
300 ## - Descripción física
Extensión 406 páginas
490 ## - Serie
Título de la Serie Dirección y Administración de Empresa
490 ## - Serie
Título de la Serie Secretariado Ejecutivo
490 ## - Serie
Título de la Serie Tecnologías de la Información
650 ## - Materia general
Temática (materia general) PROGRAMAS PARA COMPUTADOR
650 ## - Materia general
Temática (materia general) MICROSOFT OFFICE 2013
650 ## - Materia general
Temática (materia general) WORD 2013
650 ## - Materia general
Temática (materia general) EXCEL 2013
650 ## - Materia general
Temática (materia general) POWER POINT 2013
650 ## - Materia general
Temática (materia general) OUTLOOK 2013
650 ## - Materia general
Temática (materia general) PUBLISHER 2013
942 ## - Punto de acceso adicional KOHA
Tipo de ítem KOHA Libro
Fuente del sistema de clasificación o colocación Dewey Decimal Classification
Existencias
Signatura completa Código de barras Programa Académico Tipo de ítem
005.5 S425ma 19123   Libro